000
00343 a2200157 4500
001
195421
020
_a
978-85-86540-49-3
040
_c
Magnum
100
_a
Campos, Rafael
240
1
0
_a
Línguas Brasílica
_l
por
245
1
0
_a
Línguas Brasílica
300
_a
32
362
0
_a
2012
697
_a
LITERATURA INFANTO-JUVENIL
942
_c
BK
999
_c
195421
_d
195421